El arte religioso del siglo XII al siglo XVIII /
Guardat en:
| Autor principal: | |
|---|---|
| Altres autors: | |
| Format: | Llibre |
| Idioma: | espanyol |
| Publicat: |
México :
Fondo de Cultura Económica,
1966, c1966
|
| Edició: | 2a edición |
| Col·lecció: | (Breviarios ;
59) |
| Matèries: | |
| Etiquetes: |
Sense etiquetes, Sigues el primer a etiquetar aquest registre!
|
MARC
| LEADER | 00000nam^a2200000^a^4500 | ||
|---|---|---|---|
| 001 | 000000531 | ||
| 005 | 20250521000000.0 | ||
| 009 | 20260310083032.209 | ||
| 037 | |a Acervo ITESO - Biblioteca | ||
| 041 | |a ESP | ||
| 082 | |a 082. |b BRE V. 59 | ||
| 100 | |a Mâle, Emile |e (autor) | ||
| 245 | 1 | 3 | |a El arte religioso del siglo XII al siglo XVIII / |c E. Mâle ; tr. por J.J. Arreola. |
| 250 | |a 2a edición | ||
| 264 | 4 | |a México : |b Fondo de Cultura Económica, |c 1966, c1966 | |
| 300 | |a 231 p. | ||
| 336 | |a texto |b txt |2 rdacontenido | ||
| 337 | |a sin mediación |b n |2 rdamedio | ||
| 338 | |a volumen |b nc |2 rdasoporte | ||
| 440 | 1 | |a (Breviarios ; |v 59) | |
| 649 | |a XX | ||
| 650 | |a Arte Religioso - |z Europa - |x Tema Principal | ||
| 650 | |a Arte Medieval - |x Historia y Crítica | ||
| 650 | |a Arte Renacentista - |x Historia y Crítica | ||
| 650 | |a Edad Media - |x Historia | ||
| 650 | |a Renacimiento - |x Historia | ||
| 700 | |a Arreola, Juan José |e (traducción) | ||
| 910 | |a Fondo General | ||
| 920 | |a Impresos - Libros | ||
| 930 | |a Colección General | ||
| 905 | |a 101 | ||
| 901 | |a 0005310100 |b IT1 |c ACC |i 000531 |u 20250521 | ||
| 902 | |a https://opac.biblio.iteso.mx/vufind/Record/000000531 | ||